000 01483nam a22002177a 4500
005 20150113115611.0
010 _a ENG-111446
020 _a9789351500438
_c995.00
035 _aEN-94978
037 _bDABD/PUB
082 0 0 _a338.95407
_223
100 1 _aAgarwala, Ramgopal
245 1 0 _aIndia 2050 :
_ba roadmap to sustainable prosperity /
_cby Ramgopal Agarwala
260 _aNew Delhi
_bSage Publications
_c2014
270 _aB1/1-1, Mohan Cooperative Industrial Area, Mathura Road
_bNew Delhi
_e110044
300 _axxxv,350p.
_c23cm(Hb)
500 _aIncludes bibliographical references and index.
505 0 _aForeword -- Preface -- Acknowledgements -- Introduction -- Ending international income apartheid in the 21st century -- India's growth story : a basis for confidence but in need of course- -- Correction -- A new paradigm for sustainable prosperity -- Growth prospects : downside scenario and preferred scenario -- Export-oriented knowledge economy for sustainable economic prosperity -- Ensuring social sustainability of prosperity -- Financially sustainable resource mobilization -- Making prosperity ecologically sustainable -- Towards decentralized knowledge-centric cities in prosperous India 2050 -- Getting the government do its duty of providing public goods -- Some overarching themes -- India at cross-roads -- Bibliography -- Index -- About the author.
650 0 _aEconomic development
_zIndia.
942 _2ddc
_cEN
_mAGA
_h338.95407
999 _c90626
_d90626